Crafting livelihood together: Unraveling the work Patterns of women Phool-Patti artisans in Aligarh (Record no. 523869)

000 -LEADER
fixed length control field 01309nam a22001457a 4500
008 - FIXED-LENGTH DATA ELEMENTS--GENERAL INFORMATION
fixed length control field 231011b ||||| |||| 00| 0 eng d
100 ## - MAIN ENTRY--PERSONAL NAME
Personal name Ahmed, Saman
245 ## - TITLE STATEMENT
Title Crafting livelihood together: Unraveling the work Patterns of women Phool-Patti artisans in Aligarh
260 ## - PUBLICATION, DISTRIBUTION, ETC. (IMPRINT)
Place of publication, distribution, etc Social Scientist
300 ## - PHYSICAL DESCRIPTION
Extent 51(7-8), Jul-Aug, 2023: p.51-62
520 ## - SUMMARY, ETC.
Summary, etc The craft sector has long been an integral part of India’s cultural heritage, and economic landscape, providing livelihood opportunities for numerous artisans across the country. Among these, women engaged in the traditional art of phool-patti embroidery in Aligarh hold district position. Phool Patti, an intricate appliqué embroidery in Aligarh hold a district position Phool-patti, intricate appliqué appliqué embroidery style that showcase Persian influences and dawns on Mughal art designs, is not only craft form but also a repository of cultural’ heritage and identity for the local community. Understanding the work patents and socio-economic dynamics of women Phool-Patti artisans is crucial for comprehending the complexities of their livelihoods, as well as identifying avenues for their empowerment and socio-economic development. – Reproduced
773 ## - HOST ITEM ENTRY
Main entry heading Social Scientist
906 ## - LOCAL DATA ELEMENT F, LDF (RLIN)
Subject DIP WOMEN
942 ## - ADDED ENTRY ELEMENTS (KOHA)
Item type Articles
Holdings
Withdrawn status Lost status Source of classification or shelving scheme Damaged status Not for loan Permanent location Current location Date acquired Serial Enumeration / chronology Barcode Date last seen Koha item type
          Indian Institute of Public Administration Indian Institute of Public Administration 2023-10-11 51(7-8), Jul-Aug, 2023: p.51-62 AR129751 2023-10-11 Articles

Powered by Koha